[Event "GER-ch Net blitz qual3"]
[Site "Playchess.com INT"]
[Date "2021.05.07"]
[Round "11"]
[White "Lerch, Martin Erik"]
[Black "Juergens, Florian"]
[Result "1-0"]
[WhiteElo "1927"]
[BlackElo "1787"]
[PlyCount "49"]
[EventDate "2021.05.07"]
[EventType "swiss (blitz)"]
[EventRounds "11"]
[EventCountry "GER"]
[SourceTitle "CBM 202 Extra"]
[Source "ChessBase"]
[SourceDate "2021.07.31"]
[SourceVersion "1"]
[SourceVersionDate "2021.07.31"]
[SourceQuality "1"]

1. e4 c5 2. Nc3 e6 3. g3 Qc7 4. Bg2 Nc6 5. f4 d6 6. Nf3 b6 7. d3 Bb7 8. 0-0 g6 9. Qe1 Bg7 10. f5 e5 11. fxg6 hxg6 12. Ng5 Nf6 13. Nd5 Nxd5 14. exd5 Nd8 15. c3 f6 16. Ne4 0-0 17. g4 Nf7 18. Nxf6+ Bxf6 19. Rxf6 Kg7 20. Qf2 Qe7 21. Re6 Qd7 22. Qf6+ Kg8 23. Qxg6+ Kh8 24. Qh5+ Kg7 25. Rg6# 1-0

[Event "GER-ch Net blitz qual3"]
[Site "Playchess.com INT"]
[Date "2021.05.07"]
[Round "8"]
[White "Lerch, Martin Erik"]
[Black "Miller, Eduard"]
[Result "0-1"]
[WhiteElo "1927"]
[BlackElo "2234"]
[PlyCount "80"]
[EventDate "2021.05.07"]
[EventType "swiss (blitz)"]
[EventRounds "11"]
[EventCountry "GER"]
[SourceTitle "CBM 202 Extra"]
[Source "ChessBase"]
[SourceDate "2021.07.31"]
[SourceVersion "1"]
[SourceVersionDate "2021.07.31"]
[SourceQuality "1"]

1. e4 c5 2. Nc3 Nc6 3. f4 g6 4. Nf3 Bg7 5. g3 d6 6. Bg2 Nh6 7. d3 0-0 8. 0-0 f5 9. Qe1 Rb8 10. e5 Nf7 11. e6 Nh6 12. Nd5 Ng4 13. h3 Nf6 14. c4 b5 15. Bd2 bxc4 16. dxc4 Rxb2 17. Bc3 Rc2 18. Qd1 Rxg2+ 19. Kxg2 Bxe6 20. Ng5 Qd7 21. Nxe6 Qxe6 22. Re1 Ne4 23. Bxg7 Kxg7 24. Rb1 Qd7 25. Qb3 e6 26. Qb7 Rf7 27. Qxd7 Rxd7 28. Ne3 d5 29. cxd5 exd5 30. Rbc1 Nb4 31. Red1 Nxa2 32. Rc2 Nb4 33. Rb2 Nc3 34. Ra1 Re7 35. Kf3 Nd3 36. Rb3 d4 37. Nc4 Ne1+ 38. Kf2 Nc2 39. Ra6 Re2+ 40. Kf3 Ne1# 0-1

[Event "GER Cup Net Final-B U2000"]
[Site "Playchess.com INT"]
[Date "2020.06.06"]
[Round "5"]
[White "Powalla, Christian"]
[Black "Lerch, Martin Erik"]
[Result "1/2-1/2"]
[WhiteElo "1714"]
[BlackElo "1931"]
[PlyCount "28"]
[EventDate "2020.06.06"]
[EventType "swiss (blitz)"]
[EventRounds "13"]
[EventCountry "GER"]
[SourceTitle "CBM 197 Extra"]
[Source "ChessBase"]
[SourceDate "2020.09.30"]
[SourceVersion "1"]
[SourceVersionDate "2020.09.30"]
[SourceQuality "1"]

1. e4 e6 2. d4 d5 3. Nc3 Bb4 4. a3 Bxc3+ 5. bxc3 dxe4 6. Qg4 Nf6 7. Qxg7 Rg8 8. Qh6 c5 9. Be3 Nc6 10. Ne2 Rg6 11. Qh4 Rg4 12. Qh6 Rg6 13. Qh4 Rg4 14. Qh6 Rg6 1/2-1/2

[Event "GER Cup Net V3 U2000"]
[Site "Playchess.com INT"]
[Date "2020.05.27"]
[Round "6"]
[White "Lerch, Martin Erik"]
[Black "Prieb, Robert"]
[Result "1-0"]
[WhiteElo "1707"]
[BlackElo "1958"]
[PlyCount "65"]
[EventDate "2020.05.27"]
[EventType "swiss (blitz)"]
[EventRounds "9"]
[EventCountry "GER"]
[SourceTitle "EXT 2021"]
[Source "ChessBase"]
[SourceDate "2020.10.23"]
[SourceVersion "1"]
[SourceVersionDate "2020.10.23"]
[SourceQuality "1"]

1. e4 c5 2. Nc3 a6 3. f4 b5 4. Nf3 Bb7 5. d3 e6 6. g3 d5 7. Bg2 d4 8. Ne2 Nf6 9. 0-0 Be7 10. h3 0-0 11. g4 Nc6 12. Ng3 c4 13. g5 Ne8 14. f5 e5 15. f6 gxf6 16. gxf6 Bxf6 17. Nf5 Ng7 18. Nh6+ Kh8 19. Kh2 cxd3 20. cxd3 Rc8 21. Qe1 Qe7 22. a3 b4 23. Qg3 bxa3 24. bxa3 Na5 25. Bg5 Bxg5 26. Nxg5 f6 27. Nxh7 Kxh7 28. Qh4 Kg6 29. Rg1 Ne6 30. Bf3+ Ng5 31. Qh5+ Kg7 32. Nf5+ Kg8 33. Nxe7+ 1-0

[Event "GER Cup Net V2 U2000"]
[Site "Playchess.com INT"]
[Date "2020.05.22"]
[Round "1"]
[White "Hofmann, Matthias1111"]
[Black "Lerch, Martin Erik"]
[Result "1-0"]
[WhiteElo "1622"]
[BlackElo "1772"]
[PlyCount "67"]
[EventDate "2020.05.22"]
[EventType "swiss (blitz)"]
[EventRounds "9"]
[EventCountry "GER"]
[SourceTitle "EXT 2021"]
[Source "ChessBase"]
[SourceDate "2020.10.23"]
[SourceVersion "1"]
[SourceVersionDate "2020.10.23"]
[SourceQuality "1"]

1. e4 e6 2. d4 d5 3. e5 c5 4. c3 Nc6 5. Nf3 Qb6 6. a3 f6 7. b4 c4 8. exf6 Nxf6 9. Be2 g6 10. 0-0 Bg7 11. Be3 0-0 12. Qd2 Ne4 13. Qc1 e5 14. Nbd2 Nxd2 15. Qxd2 e4 16. Ne1 Qd8 17. Bh6 Qh4 18. Bxg7 Kxg7 19. Qe3 Bg4 20. Bxg4 Qxg4 21. f3 exf3 22. Nxf3 Rae8 23. Qd2 Ne7 24. Ne5 Qh5 25. Rxf8 Rxf8 26. Qe3 Nf5 27. Qf3 Qxf3 28. Nxf3 Ne3 29. Re1 Nc2 30. Re7+ Rf7 31. Rxf7+ Kxf7 32. a4 Na3 33. Nd2 Nb1 34. Nxb1 1-0

[Event "GER-ch Net blitz qual5"]
[Site "Playchess.com INT"]
[Date "2020.03.28"]
[Round "8"]
[White "Lerch, Martin Erik"]
[Black "Ahlberg, Matthias"]
[Result "0-1"]
[WhiteElo "1889"]
[BlackElo "2207"]
[PlyCount "66"]
[EventDate "2020.03.28"]
[EventType "swiss (blitz)"]
[EventRounds "13"]
[EventCountry "GER"]
[SourceTitle "CBM 195 Extra"]
[Source "ChessBase"]
[SourceDate "2020.05.31"]
[SourceVersion "1"]
[SourceVersionDate "2020.05.31"]
[SourceQuality "1"]

1. e4 c6 2. d4 d5 3. exd5 cxd5 4. Bd3 Nc6 5. c3 g6 6. Bf4 Bg7 7. Nf3 Nh6 8. 0-0 0-0 9. Nbd2 f6 10. Bb5 Nf7 11. Bxc6 bxc6 12. Qe2 a5 13. h4 Ba6 14. c4 dxc4 15. Nxc4 Nd6 16. Qe6+ Rf7 17. Nxd6 exd6 18. Rfe1 Bf8 19. h5 Raa7 20. hxg6 hxg6 21. Qg4 Rg7 22. Bh6 f5 23. Qg3 f4 24. Bxf4 Bd3 25. Re6 Bf5 26. Rxd6 Bxd6 27. Bxd6 Rad7 28. Be5 Rh7 29. Rc1 Qb6 30. b3 Qb5 31. Ng5 Rh5 32. Ne6 Rdh7 33. f3 Qe2 0-1

[Event "GER-ch Net blitz qual5"]
[Site "Playchess.com INT"]
[Date "2020.03.28"]
[Round "11"]
[White "Winkels, Marcel"]
[Black "Lerch, Martin Erik"]
[Result "0-1"]
[WhiteElo "1990"]
[BlackElo "1889"]
[PlyCount "78"]
[EventDate "2020.03.28"]
[EventType "swiss (blitz)"]
[EventRounds "13"]
[EventCountry "GER"]
[SourceTitle "CBM 195 Extra"]
[Source "ChessBase"]
[SourceDate "2020.05.31"]
[SourceVersion "1"]
[SourceVersionDate "2020.05.31"]
[SourceQuality "1"]

1. e4 e6 2. d3 d5 3. Qe2 dxe4 4. dxe4 b6 5. g3 Ba6 6. Qd2 Bxf1 7. Kxf1 Nc6 8. Nf3 Bc5 9. c3 Qxd2 10. Nbxd2 f6 11. Nb3 Bd6 12. Be3 0-0-0 13. Kg2 Nge7 14. Rhd1 Ng6 15. a4 Nce5 16. a5 Kb7 17. Nbd4 Nxf3 18. Kxf3 Rhe8 19. b4 Ne5+ 20. Kg2 Nc4 21. axb6 Nxe3+ 22. fxe3 cxb6 23. b5 Bb8 24. Nc6 Rxd1 25. Rxd1 a6 26. Rd7+ Bc7 27. Rxg7 axb5 28. Nd4 Rc8 29. Nxb5 Kb8 30. Rxh7 Be5 31. Nd4 Rxc3 32. Nxe6 b5 33. Nd4 b4 34. Nb5 Rc2+ 35. Kf3 b3 36. Rd7 b2 37. Na3 Rc1 38. h4 Ra1 39. h5 Rxa3 0-1

[Event "GER-ch Net blitz qual4"]
[Site "Playchess.com INT"]
[Date "2020.03.23"]
[Round "4"]
[White "Lerch, Martin Erik"]
[Black "Riesner, Daniel"]
[Result "0-1"]
[WhiteElo "1861"]
[BlackElo "1967"]
[PlyCount "56"]
[EventDate "2020.03.23"]
[EventType "swiss (blitz)"]
[EventRounds "9"]
[EventCountry "GER"]
[SourceTitle "CBM 195 Extra"]
[Source "ChessBase"]
[SourceDate "2020.05.31"]
[SourceVersion "1"]
[SourceVersionDate "2020.05.31"]
[SourceQuality "1"]

1. e4 e5 2. Nc3 Nf6 3. g3 d5 4. exd5 Nxd5 5. Bg2 Nxc3 6. bxc3 Nc6 7. Ne2 Be6 8. d4 Bd5 9. 0-0 Bxg2 10. Kxg2 Qd5+ 11. Kg1 0-0-0 12. Be3 Be7 13. f4 exd4 14. cxd4 h5 15. h3 Qe6 16. Qd3 Qxh3 17. Rab1 Qe6 18. Bf2 h4 19. Qb5 b6 20. c4 hxg3 21. Bxg3 Nxd4 22. Qa6+ Kb8 23. Nxd4 Rxd4 24. Rf3 Bc5 25. Kg2 Qh3+ 26. Kf2 Rd1+ 27. Ke2 Rxb1 28. Qxa7+ Kxa7 0-1

[Event "GER-ch Net blitz qual3"]
[Site "Playchess.com INT"]
[Date "2020.03.21"]
[Round "4"]
[White "Lerch, Martin Erik"]
[Black "Kottke, Steffen"]
[Result "1-0"]
[WhiteElo "1795"]
[BlackElo "1928"]
[PlyCount "93"]
[EventDate "2020.03.21"]
[EventType "swiss (blitz)"]
[EventRounds "9"]
[EventCountry "GER"]
[SourceTitle "CBM 195 Extra"]
[Source "ChessBase"]
[SourceDate "2020.05.31"]
[SourceVersion "1"]
[SourceVersionDate "2020.05.31"]
[SourceQuality "1"]

1. e4 e6 2. b3 d5 3. Bb2 Nf6 4. e5 Nfd7 5. d4 c5 6. c3 Nc6 7. f4 cxd4 8. cxd4 Bb4+ 9. Nd2 Qb6 10. Ngf3 0-0 11. Rc1 Be7 12. Bd3 Re8 13. 0-0 Nf8 14. Kh1 Bd7 15. g4 f6 16. h4 fxe5 17. fxe5 Nb4 18. Bb1 Bb5 19. Rg1 Bd3 20. Ba3 Bxb1 21. Nxb1 Qa6 22. Rc7 Nd3 23. Qd2 Bxa3 24. Qg5 g6 25. Nxa3 Rac8 26. Rxc8 Rxc8 27. h5 Qxa3 28. hxg6 Nxg6 29. Qh6 Rc2 30. Rg2 Qc1+ 31. Qxc1 Rxc1+ 32. Kh2 Ndf4 33. Rd2 Rc3 34. Ng5 b5 35. a4 b4 36. Rf2 Rxb3 37. Nxe6 Nxe6 38. Rf6 Nef4 39. Rd6 Kf8 40. e6 Rb2+ 41. Kg3 b3 42. Rd7 Ne7 43. Rxa7 Rg2+ 44. Kh4 Neg6+ 45. Kg5 b2 46. Kf6 Ke8 47. Ra8# 1-0